| 000 | 00493nam a22001697a 4500 | ||
|---|---|---|---|
| 005 | 20251108172541.0 | ||
| 008 | 250721s9999 xx 000 0 ara d | ||
| 082 | 1 | 4 | _aم/133/خور |
| 100 | 1 | _aخوري، روجيه شكيب | |
| 245 | 1 | 0 | _aسلسلة العلوم البارابسيكولوجية / |
| 264 | 1 |
_a[د.ن] : _bدار ملفات، |
|
| 300 | _aج | ||
| 650 | 1 | 7 | _aعلم نفس التخاطر |
| 650 | 1 | 7 | _aالسحر والتنجيم |
| 942 |
_2ddc _cREF |
||
| 999 |
_c82295 _d82295 |
||